সহীহ আল বুখারী / (Record no. 44331)
[ view plain ]
| 000 -LEADER | |
|---|---|
| fixed length control field | 02233nam a2200325 a 4500 |
| 001 - CONTROL NUMBER | |
| control field | 44331 |
| 003 - CONTROL NUMBER IDENTIFIER | |
| rucl marc code | BD-RjUL |
| 005 - DATE AND TIME OF LATEST TRANSACTION | |
| control field | 20211209053835.0 |
| 008 - FIXED-LENGTH DATA ELEMENTS--GENERAL INFORMATION | |
| fixed length control field | 160717s1982 bg ||||| |||| 00| 0 ben d |
| 020 ## - INTERNATIONAL STANDARD BOOK NUMBER | |
| Terms of availability | : TK 110.00 (V-1) |
| Terms of availability | : TK 119.00 (V-3) |
| Terms of availability | : TK 119.00 (V-4) |
| Terms of availability | : TK 119.00 (V-5) |
| 035 ## - SYSTEM CONTROL NUMBER | |
| System control number | (BD-RjUL)44449 |
| 040 ## - CATALOGING SOURCE | |
| Original cataloging agency | BD-RjUL |
| Language of cataloging | ben |
| Transcribing agency | BD-RjUL |
| Modifying agency | BD-RjUL |
| 041 ## - LANGUAGE CODE | |
| Language code of text/sound track or separate title | ben |
| 082 ## - DEWEY DECIMAL CLASSIFICATION NUMBER | |
| Edition number | 23 |
| Classification number | 297.1254106 |
| Author mark and year | BUS V-1-5 1982 |
| 100 1# - MAIN ENTRY--PERSONAL NAME | |
| Personal name | বুখারী, মুহাম্মদ ইবনে ইসমাইল |
| 9 (RLIN) | 237776 |
| 245 10 - TITLE STATEMENT | |
| Title | সহীহ আল বুখারী / |
| Statement of responsibility, etc. | বুখারী, মুহাম্মদ ইবনে ইসমাইল; সম্পাদনায়: আবদুল মান্নান তালিব ; অনুবাদে : ১ম ও ৫ম খণ্ড: সাইয়েদ মুহাম্মাদ আলী ... [ এবং অন্যান্য ], ৩য় খণ্ড : আফলাতুন কায়সার ... [ এবং অন্যান্য ], ৪র্থ খণ্ড : মোজাম্মেল হক ... [ এবং অন্যান্য ] |
| 260 ## - PUBLICATION, DISTRIBUTION, ETC. (IMPRINT) | |
| Place of publication, distribution, etc. | ঢাকা : |
| Name of publisher, distributor, etc. | আধুনিক প্রকাশনী, |
| Date of publication, distribution, etc. | ১৯৮২ |
| 300 ## - PHYSICAL DESCRIPTION | |
| Pagination | খন্ড ; |
| Size | ২১ সেমি. |
| 505 0# - FORMATTED CONTENTS NOTE | |
| Formatted contents note | খন্ড - ১ -- খণ্ড ৩ -- খণ্ড ৪ -- খণ্ড ৫ -- |
| 650 ## - SUBJECT ADDED ENTRY--TOPICAL TERM | |
| Topical term or geographic name as entry element | হাদীস, বুখারী |
| General subdivision | বঙ্গানুবাদ ও ব্যাখা |
| 9 (RLIN) | 237777 |
| Topical term or geographic name as entry element | Hadith, Bukhari |
| General subdivision | Translation and Interpretation |
| 9 (RLIN) | 237778 |
| 700 ## - ADDED ENTRY--PERSONAL NAME | |
| Personal name | তালিব, আবদুল মান্নান, সম্পাদক |
| Personal name | আলী, সাইয়েদ মুহাম্মাদ ... [ এবং অন্যান্য ] :(১ম ও ৫ম খণ্ড), অনুবাদক |
| Personal name | কায়সার, আফলাতুন, ... [ এবং অন্যান্য ]:(৩য় খণ্ড), অনুবাদক |
| Personal name | হক, মোজাম্মেল ... [ এবং অন্যান্য ] : (৪র্থ খণ্ড ), অনুবাদক |
| 942 ## - ADDED ENTRY ELEMENTS (KOHA) | |
| Source of classification or shelving scheme | Dewey Decimal Classification |
| Koha item type | Books |
| Lost status | Source of classification or shelving scheme | Damaged status | Not for loan | Collection code | Permanent Location | Current Location | Shelving location | Date acquired | Source of acquisition | Cost, normal purchase price | Total Checkouts | Full call number | Date last seen | Copy number | Koha item type | Date checked out |
|---|---|---|---|---|---|---|---|---|---|---|---|---|---|---|---|---|
| Dewey Decimal Classification | Non-fiction | Central Library, University of Rajshahi | Central Library, University of Rajshahi | 11/12/1982 | Kindom of Saudi Arabia Embasy, Dhaka | 110.00 | B 297.1254106 BUS V-1 1982 | 17/07/2016 | C-2 | Books | ||||||
| Dewey Decimal Classification | Non-fiction | Central Library, University of Rajshahi | Central Library, University of Rajshahi | 11/12/1982 | Kindom of Saudi Arabia Embasy, Dhaka | 119.00 | 3 | B 297.1254106 BUS V-5 1982 | 04/09/2025 | C-2 | Books | 30/06/2025 | ||||
| Dewey Decimal Classification | Not For Loan | Non-fiction | Central Library, University of Rajshahi | Central Library, University of Rajshahi | Reading Room | 14/10/1988 | Kindom of Saudi Arabia Embasy, Dhaka | 119.00 | B 297.1254106 BUS V-4 1982 | 26/12/2016 | C-2 | Books | ||||
| Dewey Decimal Classification | Non-fiction | Central Library, University of Rajshahi | Central Library, University of Rajshahi | 14/10/1982 | Kindom of Saudi Arabia Embasy, Dhaka | 119.00 | B 297.1254106 BUS V-3 1982 | 19/01/2020 | C-2 | Books |